| 000 | 01024nam0a22002411 4500 | ||
|---|---|---|---|
| 001 | v19\rc\1863198 | ||
| 005 | 20250619160052.0 | ||
| 035 | _a(NLR Aleph) 004956317 | ||
| 090 |
_a5936221 _c5936221 |
||
| 100 | _a20080221d1909 |||y0rusy50 ca | ||
| 101 | 0 | _arus | |
| 102 | _aRU | ||
| 105 | _ay z ||||| | ||
| 200 | 1 | _aПравила на пользование медицинской помощью больными приходящими и подлежащими больничному лечению на фабриках товарищества мануфактур Викула Морозова с с-ми в м. Никольском | |
| 210 |
_a[Владимир _d1909] |
||
| 215 | _a16 с. | ||
| 710 | 0 | 2 |
_aТоварищество мануфактур Викула Морозов с сыновьями _cм. Никольское, Покровский уезд |
| 801 | 0 |
_aRU _bNLR _gpsbo |
|
| 801 | 0 |
_aRU _bRuMoRGB _2psbo |
|
| 801 | 1 |
_aRU _bProSoft-M _2rusmarc |
|
| 852 |
_aNLR _j37.53.8.40 |
||
| 942 | _cBOOK | ||
| 980 | _aNB | ||